Expanding tactics for listening

Gespeichert in:
Bibliographische Detailangaben
1. Verfasser: Richard, Jack C.
Format: Buch
Sprache:Undetermined
Veröffentlicht: Oxford Oxford University Press 1997
Schlagworte:
Tags: Tag hinzufügen
Keine Tags, Fügen Sie den ersten Tag hinzu!
Thư viện lưu trữ: Trung tâm Học liệu Trường Đại học Cần Thơ
LEADER 00546nam a2200193Ia 4500
001 CTU_118724
008 210402s9999 xx 000 0 und d
082 |a 428.34 
082 |b R516/Cas.2 
100 |a Richard, Jack C. 
245 0 |a Expanding tactics for listening 
245 0 |c Jack C. Richard 
260 |a Oxford 
260 |b Oxford University Press 
260 |c 1997 
650 |a English language,English language 
650 |x Spoken english,Listening 
904 |i M.Loan 
980 |a Trung tâm Học liệu Trường Đại học Cần Thơ